| Tag |
First Indicator |
Second Indicator |
Subfields |
| LEADER |
00000cam a2200000La 4500 |
| 001 |
in00001745532 |
| 005 |
20220105122441.0 |
| 006 |
m u |
| 007 |
cr cn- |
| 008 |
010323s2000 maua sb 001 0 eng d |
| 010 |
|
|
|z 99016542
|
| 020 |
|
|
|a 0632061197 (electronic bk.) :
|c $49.95
|
| 020 |
|
|
|z 0632044446
|
| 035 |
|
|
|a (OCoLC)ocm47011068
|
| 035 |
|
|
|a 51562
|b (N$T)
|
| 040 |
|
|
|a N$T
|c N$T
|d OCL
|d UtOrBLW
|
| 049 |
|
|
|a IKMN
|
| 050 |
1 |
4 |
|a QE711.2
|b .C68 2000eb
|
| 082 |
0 |
4 |
|a 560
|2 21
|
| 100 |
1 |
|
|a Cowen, Richard,
|d 1940-
|0 http://id.loc.gov/authorities/names/n88157642
|
| 245 |
1 |
0 |
|a History of life /
|c Richard Cowen.
|
| 250 |
|
|
|a 3rd ed.
|
| 264 |
|
1 |
|a Malden, Mass. :
|b Blackwell Science,
|c 2000.
|
| 300 |
|
|
|a xv, 432 pages :
|b illustrations ;
|c 29 cm.
|
| 336 |
|
|
|a text
|b txt
|2 rdacontent
|
| 337 |
|
|
|a computer
|b c
|2 rdamedia
|
| 338 |
|
|
|a online resource
|b cr
|2 rdacarrier
|
| 504 |
|
|
|a Includes bibliographical references and index.
|
| 533 |
|
|
|a Electronic reproduction.
|b Boulder, Colo. :
|c NetLibrary,
|d 2001.
|n Available via World Wide Web.
|n Access may be limited to NetLibrary affiliated libraries.
|
| 500 |
|
|
|a Electronic resource.
|
| 650 |
|
0 |
|a Paleontology.
|0 http://id.loc.gov/authorities/subjects/sh85097123
|
| 655 |
|
7 |
|a Electronic books.
|2 local
|
| 710 |
2 |
|
|a NetLibrary, Inc.
|0 http://id.loc.gov/authorities/names/no99080690
|
| 776 |
0 |
|
|c Original
|w (DLC) 99016542
|w (OCoLC)41572551
|
| 856 |
4 |
1 |
|u https://proxy.library.tamu.edu/login?url=http://www.netLibrary.com/urlapi.asp?action=summary&v=1&bookid=51562
|z Connect to the full text of this electronic book
|t 0
|
| 994 |
|
|
|a 92
|b IKM
|
| 999 |
|
|
|a MARS
|
| 999 |
f |
f |
|s 284a2721-41a2-3882-84ef-ff67884a4c8e
|i 1bac656b-1589-3096-9e06-cb5c6f3524d7
|t 0
|
| 952 |
f |
f |
|a Texas A&M University
|b College Station
|c Electronic Resources
|d Available Online
|t 0
|e QE711.2 .C68 2000eb
|h Library of Congress classification
|
| 998 |
f |
f |
|a QE711.2 .C68 2000eb
|t 0
|l Available Online
|